000 00923 a2200325 4500
003 Nust
005 20170207171606.0
020 _a0-471-21571-6 (inb.)
020 _a9780471215714
040 _cNust
082 0 4 _a621.38275
100 1 _aAgrawal, G. P.
245 0 0 _aFiber-optic communication systems (E-BOOK)
_cGovind P. Agrawal
250 _a3. uppl.
260 _aNew York :
_bWiley,
_ccop. 2002
300 _axvii, 546 s. :
_bill. +
_e1 CD-ROM
440 0 _aWiley series in microwave and optical engineering
650 0 _aFiber optics
650 0 _aFiber Optics
650 0 _aFiber optics (Tele communication engineering)
650 0 _aFiberoptik
650 0 _aFiberoptik
650 0 _aFiberteknik (Teleteknik)
650 0 _aOptical communication
650 0 _aOptical communications
650 0 _aOptisk kommunikation
650 0 _aTelekommunikation
650 0 _aTeleteknik
650 0 _aTeleteknik
942 _2ddc
_cBK
999 _c217599
_d217599